[Event "Espalion op 3rd"]
[Site "Espalion"]
[Date "2018.07.20"]
[Round "8"]
[White "Peter, Sebastien"]
[Black "Gozzoli, Yannick"]
[Result "0-1"]
[WhiteElo "2229"]
[BlackElo "2587"]
[PlyCount "100"]
[EventDate "2018.07.14"]
[EventType "swiss"]
[EventRounds "9"]
[EventCountry "FRA"]
[SourceTitle "CBM 185 Extra"]
[Source "ChessBase"]
[SourceDate "2018.07.29"]
[SourceVersion "1"]
[SourceVersionDate "2018.07.29"]
[SourceQuality "1"]

1. e4 c5 2. Nf3 e6 3. d4 cxd4 4. Nxd4 Nc6 5. Nb5 d6 6. c4 a6 7. N5c3 g6 8. Bf4 Nf6 9. Be2 e5 10. Bg5 Be6 11. Nd5 Bxd5 12. exd5 Nd4 13. Qa4+ Qd7 14. Bd1 Ne4 15. Qxd7+ Kxd7 16. Be3 Bg7 17. Nc3 Nc5 18. Na4 Nxa4 19. Bxa4+ b5 20. Bxd4 bxa4 21. Be3 Rab8 22. b3 axb3 23. axb3 Rxb3 24. 0-0 Ra8 25. Rfb1 Rxb1+ 26. Rxb1 Rc8 27. Ra1 Rxc4 28. Rxa6 Bf6 29. g3 Bd8 30. Ra7+ Rc7 31. Ra8 Rb7 32. h4 h5 33. Ra1 Rb5 34. Ra7+ Bc7 35. Bg5 Kc8 36. Ra8+ Bb8 37. Be3 Rxd5 38. Ra4 Rb5 39. g4 hxg4 40. Rxg4 Bc7 41. h5 gxh5 42. Rg5 Bb6 43. Rg8+ Kc7 44. Rf8 Bxe3 45. Rxf7+ Kc6 46. fxe3 Kd5 47. Rf6 Rb6 48. Rh6 Ke4 49. Kf2 Rb2+ 50. Kf1 Rd2 0-1

[Event "Wasselonne op 21st"]
[Site "Wasselonne"]
[Date "2017.08.06"]
[Round "7"]
[White "Bellahcene, Bilel"]
[Black "Peter, Sebastien"]
[Result "1-0"]
[WhiteElo "2481"]
[BlackElo "2244"]
[PlyCount "61"]
[EventDate "2017.08.03"]
[EventType "swiss"]
[EventRounds "7"]
[EventCountry "FRA"]
[SourceTitle "CBM 179 Extra"]
[Source "ChessBase"]
[SourceDate "2017.08.23"]
[SourceVersion "1"]
[SourceVersionDate "2017.08.23"]
[SourceQuality "1"]

1. d4 e6 2. c4 Nf6 3. Nf3 b6 4. g3 Ba6 5. Qa4 Bb7 6. Bg2 c5 7. dxc5 Bxc5 8. 0-0 0-0 9. Rd1 Ne4 10. e3 Bc6 11. Qc2 Ng5 12. Nbd2 Nxf3+ 13. Nxf3 f5 14. b3 Qc7 15. Bb2 Be7 16. Qe2 Qb7 17. Ne1 Bxg2 18. Nxg2 a5 19. Nf4 a4 20. b4 a3 21. Bc3 Bf6 22. Bxf6 Rxf6 23. b5 Qc7 24. Rac1 g5 25. Nd3 d6 26. Nb4 Ra4 27. Rb1 Qc5 28. Qd2 e5 29. Qd5+ Kg7 30. Qb7+ Kg6 31. Nd3 1-0

[Event "Oberliga Ost-B 0910"]
[Site "Germany"]
[Date "2010.03.21"]
[Round "9.3"]
[White "Malek, Daniel"]
[Black "Peter, Sebastien"]
[Result "1-0"]
[WhiteElo "2328"]
[BlackElo "2230"]
[PlyCount "97"]
[EventDate "2009.10.18"]
[EventType "team-tourn"]
[EventRounds "11"]
[EventCountry "GER"]
[SourceTitle "EXT 2011"]
[Source "ChessBase"]
[SourceDate "2010.11.26"]
[SourceVersion "1"]
[SourceVersionDate "2010.11.26"]
[SourceQuality "1"]
[WhiteTeam "Oberursel"]
[BlackTeam "Moerlenbach"]
[WhiteTeamCountry "GER"]
[BlackTeamCountry "GER"]

1. d4 e6 2. c4 b6 3. a3 Bb7 4. Nc3 f5 5. d5 Nf6 6. g3 Na6 7. Bg2 Nc5 8. Nh3 Bd6 9. 0-0 Be5 10. Bd2 0-0 11. Nf4 Qe7 12. Qc2 c6 13. dxe6 dxe6 14. Rad1 Bxc3 15. Bxc3 e5 16. Nd3 Nxd3 17. exd3 Rae8 18. Rfe1 Qc7 19. b4 Re7 20. Re2 Rfe8 21. Rde1 Kf7 22. a4 Bc8 23. b5 cxb5 24. axb5 e4 25. Bxf6 gxf6 26. dxe4 Re5 27. exf5 Bxf5 28. Qd2 Rxe2 29. Rxe2 Rxe2 30. Qxe2 Qe5 31. Bd5+ Ke7 32. Qxe5+ fxe5 33. f4 Kd6 34. Kf2 exf4 35. gxf4 Kc5 36. Ke3 h6 37. Be4 Be6 38. Bd3 Bf7 39. Ke4 Kd6 40. Kf5 Ke7 41. Ke5 Be6 42. f5 Bc8 43. f6+ Kf8 44. Bf5 Bb7 45. Be6 a5 46. bxa6 Bxa6 47. Kd6 b5 48. c5 b4 49. c6 1-0

[Event "FRA-chT2 0910"]
[Site "France"]
[Date "2010.01.24"]
[Round "7.2"]
[White "Vatter, Hans Joachim"]
[Black "Peter, Sebastien"]
[Result "1/2-1/2"]
[WhiteElo "2325"]
[BlackElo "2221"]
[PlyCount "64"]
[EventDate "2009.09.27"]
[EventType "team-tourn"]
[EventRounds "11"]
[EventCountry "FRA"]
[SourceTitle "EXT 2011"]
[Source "ChessBase"]
[SourceDate "2010.11.26"]
[SourceVersion "1"]
[SourceVersionDate "2010.11.26"]
[SourceQuality "1"]

1. d4 e6 2. c4 Nf6 3. Nf3 b6 4. g3 Ba6 5. Qa4 c6 6. Nc3 b5 7. cxb5 cxb5 8. Nxb5 Qb6 9. Nc3 Bb4 10. Bd2 Nc6 11. e3 Bxf1 12. Kxf1 0-0 13. Kg2 Qb7 14. Rhb1 Ne7 15. Qd1 Rab8 16. Kg1 Bxc3 17. Bxc3 Ne4 18. Nd2 f5 19. a3 Nd5 20. Rc1 Rfc8 21. Nxe4 fxe4 22. Qg4 Nxc3 23. bxc3 Qd5 24. c4 Rxc4 25. Rxc4 Qxc4 26. Qxe4 Qb3 27. Qe5 Rf8 28. Qd6 Rf7 29. Qb4 Qc2 30. Rf1 Qc7 31. Qc5 Qb7 32. Rc1 Qf3 1/2-1/2

[Event "FRA-chT2 East 0809"]
[Site "France"]
[Date "2009.03.15"]
[Round "9.3"]
[White "Goossens, Etienne"]
[Black "Peter, Sebastien"]
[Result "1/2-1/2"]
[WhiteElo "2247"]
[BlackElo "2282"]
[PlyCount "41"]
[EventDate "2008.10.19"]
[EventType "tourn"]
[EventRounds "11"]
[EventCountry "FRA"]
[SourceTitle "EXT 2010"]
[Source "ChessBase"]
[SourceDate "2010.11.25"]
[SourceVersion "1"]
[SourceVersionDate "2010.11.25"]
[SourceQuality "1"]
[WhiteTeam "Metz Fischer II"]
[BlackTeam "Mundolsheim"]
[WhiteTeamCountry "FRA"]
[BlackTeamCountry "FRA"]

1. Nf3 Nf6 2. g3 b5 3. Bg2 Bb7 4. 0-0 e6 5. d3 d5 6. Nbd2 Nbd7 7. e4 dxe4 8. Ng5 Qc8 9. Ndxe4 h6 10. Nxf6+ Nxf6 11. Ne4 Be7 12. c3 0-0 13. Qb3 Rb8 14. a4 a6 15. axb5 axb5 16. Ra5 Nxe4 17. dxe4 Bc6 18. Be3 Ra8 19. Rfa1 Rxa5 20. Rxa5 Qd7 21. Ra1 1/2-1/2

[Event "FRA-chT2 East 0809"]
[Site "France"]
[Date "2009.03.14"]
[Round "8.3"]
[White "Peter, Sebastien"]
[Black "Paci, Cedric"]
[Result "0-1"]
[WhiteElo "2282"]
[BlackElo "2300"]
[PlyCount "92"]
[EventDate "2008.10.19"]
[EventType "tourn"]
[EventRounds "11"]
[EventCountry "FRA"]
[SourceTitle "EXT 2010"]
[Source "ChessBase"]
[SourceDate "2010.11.25"]
[SourceVersion "1"]
[SourceVersionDate "2010.11.25"]
[SourceQuality "1"]
[WhiteTeam "Mundolsheim"]
[BlackTeam "Vandoeuvre II"]
[WhiteTeamCountry "FRA"]
[BlackTeamCountry "FRA"]

1. e4 d6 2. d4 Nf6 3. Nc3 g6 4. Nf3 Bg7 5. Be2 0-0 6. 0-0 c6 7. a4 Nbd7 8. h3 Qc7 9. Be3 b6 10. Qd2 Bb7 11. Bh6 a6 12. Bxg7 Kxg7 13. d5 b5 14. dxc6 Bxc6 15. axb5 axb5 16. Bxb5 Bxb5 17. Nxb5 Qb7 18. c4 Qxe4 19. b3 Nc5 20. Rae1 Qb7 21. Re3 Rfd8 22. Rfe1 e5 23. b4 Nce4 24. Qc2 Rac8 25. Qb3 d5 26. Na3 d4 27. Rd3 Nh5 28. Nxe5 Nf4 29. Nf3 Nxd3 30. Qxd3 f5 31. Nb5 Qf7 32. Nfxd4 Re8 33. Rc1 Rcd8 34. c5 Qa2 35. Rc2 Qb1+ 36. Kh2 Qxb4 37. Rc4 Qd2 38. Qa3 Qf4+ 39. Kg1 Qxf2+ 40. Kh2 Qf4+ 41. Kg1 Qf2+ 42. Kh2 Nd2 43. Rc1 Rxd4 44. Qc3 Nf3+ 45. Kh1 Re3 46. Qa1 Re2 0-1

[Event "FRA-chT2 East 0809"]
[Site "France"]
[Date "2009.01.18"]
[Round "6.2"]
[White "Poignot, Quentin"]
[Black "Peter, Sebastien"]
[Result "0-1"]
[WhiteElo "2135"]
[BlackElo "2282"]
[PlyCount "56"]
[EventDate "2008.10.19"]
[EventType "tourn"]
[EventRounds "11"]
[EventCountry "FRA"]
[SourceTitle "EXT 2010"]
[Source "ChessBase"]
[SourceDate "2010.11.25"]
[SourceVersion "1"]
[SourceVersionDate "2010.11.25"]
[SourceQuality "1"]
[WhiteTeam "Besancon TPG II"]
[BlackTeam "Mundolsheim"]
[WhiteTeamCountry "FRA"]
[BlackTeamCountry "FRA"]

1. e4 e6 2. d4 d5 3. e5 c5 4. c3 Nc6 5. Nf3 Qb6 6. a3 Nh6 7. b4 cxd4 8. cxd4 Nf5 9. Bb2 Bd7 10. g4 Nh6 11. Rg1 f6 12. Nc3 Nf7 13. Na4 Qd8 14. Bd3 fxe5 15. dxe5 Ng5 16. Rg3 Nxf3+ 17. Rxf3 Qg5 18. Qe2 d4 19. Bb5 Rd8 20. Rc1 a6 21. Bxc6 Bxc6 22. Rxc6 bxc6 23. Qxa6 Qxe5+ 24. Re3 Qd5 25. Rd3 e5 26. Kd2 Be7 27. Nc5 Bxc5 28. bxc5 0-0 0-1

[Event "FRA-chT2 East 0708"]
[Site "France"]
[Date "2008.03.15"]
[Round "8.3"]
[White "Eisenbeiser, Amadeus"]
[Black "Peter, Sebastien"]
[Result "1-0"]
[WhiteElo "2319"]
[BlackElo "2279"]
[PlyCount "63"]
[EventDate "2007.10.21"]
[EventType "team-tourn"]
[EventRounds "11"]
[EventCountry "FRA"]
[SourceTitle "EXT 2009"]
[Source "ChessBase"]
[SourceDate "2008.11.26"]
[SourceVersion "1"]
[SourceVersionDate "2008.11.26"]
[SourceQuality "1"]
[WhiteTeam "Bischwiller II"]
[BlackTeam "Mundolsheim"]
[WhiteTeamCountry "FRA"]
[BlackTeamCountry "FRA"]

1. e4 e6 2. d4 d5 3. Nd2 Nf6 4. e5 Nfd7 5. Bd3 c5 6. c3 Nc6 7. Ndf3 cxd4 8. cxd4 f6 9. exf6 Nxf6 10. Nh3 Bd6 11. 0-0 0-0 12. Re1 Qc7 13. Nhg5 h6 14. Nxe6 Bxe6 15. Rxe6 Ng4 16. Rg6 Bxh2+ 17. Kf1 Qd7 18. Bxh6 Rxf3 19. Qxf3 Nxh6 20. Qh5 Nb4 21. Rxh6 gxh6 22. Qxh2 Qg4 23. Be2 Qxd4 24. Rd1 Qxb2 25. Qxh6 Rf8 26. Qg5+ Kh8 27. Qh4+ Kg7 28. Qg3+ Kh8 29. a3 Nc2 30. Bd3 Rf7 31. Qh4+ Kg8 32. Qg4+ 1-0

[Event "FRA-chT2 East 0708"]
[Site "France"]
[Date "2007.12.16"]
[Round "4.3"]
[White "Spielmann, Alain"]
[Black "Peter, Sebastien"]
[Result "0-1"]
[WhiteElo "2273"]
[BlackElo "2292"]
[PlyCount "130"]
[EventDate "2007.10.21"]
[EventType "team-tourn"]
[EventRounds "11"]
[EventCountry "FRA"]
[SourceTitle "EXT 2009"]
[Source "ChessBase"]
[SourceDate "2008.11.26"]
[SourceVersion "1"]
[SourceVersionDate "2008.11.26"]
[SourceQuality "1"]
[WhiteTeam "Epinal"]
[BlackTeam "Mundolsheim"]
[WhiteTeamCountry "FRA"]
[BlackTeamCountry "FRA"]

1. d4 e6 2. Nf3 Nf6 3. e3 c5 4. Bd3 b6 5. 0-0 Bb7 6. c4 Be7 7. Nc3 cxd4 8. exd4 Nc6 9. d5 exd5 10. cxd5 Nb4 11. Bc4 Qc7 12. Bb3 0-0 13. a3 Na6 14. Bg5 d6 15. Rc1 Qd8 16. Qd2 h6 17. Bf4 Nc7 18. Rfe1 Qd7 19. Ba4 b5 20. Bc2 Ncxd5 21. Nxd5 Bxd5 22. Nd4 Rfe8 23. Bf5 Qb7 24. Bxh6 Bf8 25. Bg5 Ne4 26. Bxe4 Bxe4 27. f3 Bg6 28. Nc6 Rac8 29. Rxe8 Rxe8 30. Be3 a6 31. Bd4 f6 32. Kf2 Bf7 33. Be3 Qd7 34. Nd4 d5 35. Qc3 Bd6 36. Qc6 Qd8 37. Qxa6 Bxh2 38. Rc3 Qb8 39. Qxb5 Bg3+ 40. Kf1 Qe5 41. Ne2 Bh4 42. Qd7 Re7 43. Qg4 Qh2 44. Rc8+ Kh7 45. Qf5+ g6 46. Qf4 Qh1+ 47. Ng1 Bg5 48. Qb8 Kg7 49. Bc5 Be3 50. Bxe3 Rxe3 51. Qb4 g5 52. Qd4 Re6 53. Kf2 Qh2 54. b4 Qd6 55. Rc3 Qa6 56. Re3 Rc6 57. Ne2 Rc4 58. Qd2 Qa7 59. Kg3 Qc7+ 60. Kf2 Qa7 61. Kg3 d4 62. Rd3 Qc7+ 63. Kf2 Rc2 64. Qd1 Qc4 65. Kf1 Qa2 0-1

[Event "Oberliga Ost-B 0708"]
[Site "Germany"]
[Date "2007.11.04"]
[Round "3.3"]
[White "Peter, Sebastien"]
[Black "Koller, Jens"]
[Result "1/2-1/2"]
[WhiteElo "2292"]
[BlackElo "2228"]
[PlyCount "145"]
[EventDate "2007.10.07"]
[EventType "team-tourn"]
[EventRounds "11"]
[EventCountry "GER"]
[SourceTitle "EXT 2009"]
[Source "ChessBase"]
[SourceDate "2008.11.26"]
[SourceVersion "1"]
[SourceVersionDate "2008.11.26"]
[SourceQuality "1"]
[WhiteTeam "Moerlenbach"]
[BlackTeam "Oberursel"]
[WhiteTeamCountry "GER"]
[BlackTeamCountry "GER"]

1. e4 c5 2. Nf3 e6 3. d4 cxd4 4. Nxd4 Nc6 5. Nb5 d6 6. c4 a6 7. N5c3 Nf6 8. Na3 Be7 9. Be2 0-0 10. 0-0 b6 11. Be3 Bb7 12. f3 Rc8 13. Rc1 Nd7 14. Qd2 Nc5 15. Nc2 Ne5 16. Nd4 Ncd7 17. b3 Nf6 18. Na4 Ned7 19. Nc3 Qc7 20. Rc2 Rfd8 21. Rfc1 Qb8 22. Qe1 Nc5 23. b4 Ncd7 24. a3 Re8 25. Qf2 Bd8 26. Nb3 Bc7 27. g3 Qa8 28. Na4 Bc6 29. Nxb6 Bxb6 30. Bxb6 Ba4 31. Rc3 d5 32. Nd2 dxe4 33. fxe4 Nxe4 34. Nxe4 Qxe4 35. Bf3 Qg6 36. Be3 Ne5 37. Bb7 Rcd8 38. Qg2 Rd7 39. Bf4 Nd3 40. Be4 Nxf4 41. Bxg6 Nxg2 42. Be4 Nh4 43. gxh4 f5 44. Bg2 Rc8 45. c5 Kf7 46. Bf1 Rc6 47. Rd3 Rxd3 48. Bxd3 Kf6 49. Kf2 e5 50. Bc2 Bxc2 51. Rxc2 Ke6 52. Ke3 g6 53. Kd3 Kd5 54. Kc3 e4 55. Rd2+ Ke5 56. Rd8 Re6 57. a4 Kf4 58. b5 axb5 59. axb5 e3 60. Rd1 e2 61. Re1 Ke3 62. b6 f4 63. b7 Re8 64. c6 f3 65. c7 f2 66. Rxe2+ Kxe2 67. b8Q Rxb8 68. cxb8Q f1Q 69. Qe5+ Kf3 70. Qd5+ Kg4 71. Qg5+ Kf3 72. Qd5+ Kg4 73. Qg5+ 1/2-1/2

[Event "FRA-chT2 East 0607"]
[Site "France"]
[Date "2007.03.17"]
[Round "8.4"]
[White "Mohebbi, Jaffar"]
[Black "Peter, Sebastien"]
[Result "1-0"]
[WhiteElo "2287"]
[BlackElo "2310"]
[PlyCount "149"]
[EventDate "2006.10.15"]
[EventType "team-tourn"]
[EventRounds "11"]
[EventCountry "FRA"]
[SourceTitle "EXT 2008"]
[Source "ChessBase"]
[SourceDate "2007.11.25"]
[SourceVersion "1"]
[SourceVersionDate "2007.11.25"]
[SourceQuality "1"]
[WhiteTeam "Gambsheim"]
[BlackTeam "Mundolsheim"]
[WhiteTeamCountry "FRA"]
[BlackTeamCountry "FRA"]

1. d4 b6 2. e4 Bb7 3. Bd3 e6 4. Nf3 Nf6 5. Qe2 d5 6. exd5 Qxd5 7. c4 Qh5 8. d5 Bb4+ 9. Nc3 0-0 10. dxe6 Na6 11. 0-0 Rae8 12. Ng5 Qxe2 13. Nxe2 fxe6 14. a3 Bd6 15. b4 h6 16. Nh3 e5 17. Nc3 e4 18. Be2 Be5 19. Bb2 c5 20. Nd1 Bd4 21. Rb1 Nc7 22. bxc5 Bxc5 23. Nf4 Ne6 24. Nxe6 Rxe6 25. Ne3 Rd6 26. Rfd1 Rfd8 27. Nf5 Rxd1+ 28. Rxd1 Rxd1+ 29. Bxd1 Kf7 30. Kf1 Bc8 31. Ne3 Ba6 32. Be2 Ne8 33. Nf5 Kg6 34. Nd4 Nd6 35. Nb5 Kf7 36. a4 g6 37. Bc1 h5 38. Bf4 Nxb5 39. cxb5 Bc8 40. Bb8 Ke6 41. Bc4+ Kd7 42. Bxa7 Kc7 43. a5 g5 44. axb6+ Bxb6 45. Bxb6+ Kxb6 46. Ke1 Kc5 47. Be2 h4 48. Kd2 Kd4 49. Bh5 Bd7 50. b6 Bc6 51. Be8 Bb7 52. Bg6 Ba6 53. Bf5 Bb7 54. Bd7 e3+ 55. fxe3+ Kc5 56. g3 Kxb6 57. Kd3 Kc5 58. Bf5 Bf3 59. Be4 Bh5 60. Bb7 Bg6+ 61. e4 Kb6 62. Bc8 Kc5 63. Bb7 Kb6 64. Ba8 Kc5 65. Ke3 Bf7 66. Bb7 Be6 67. Ba6 Bd7 68. Be2 hxg3 69. hxg3 Be6 70. Bh5 Bb3 71. Bg6 Bc2 72. Bf7 Bb1 73. Bb3 Kb4 74. Bd5 Kc5 75. Kf3 1-0

[Event "FRA-chT2 East 0607"]
[Site "France"]
[Date "2007.01.20"]
[Round "5.3"]
[White "Peter, Sebastien"]
[Black "Koehler, Jerome"]
[Result "1-0"]
[WhiteElo "2310"]
[BlackElo "2023"]
[PlyCount "99"]
[EventDate "2006.10.15"]
[EventType "team-tourn"]
[EventRounds "11"]
[EventCountry "FRA"]
[SourceTitle "EXT 2008"]
[Source "ChessBase"]
[SourceDate "2007.11.25"]
[SourceVersion "1"]
[SourceVersionDate "2007.11.25"]
[SourceQuality "1"]
[WhiteTeam "Mundolsheim"]
[BlackTeam "Obernai"]
[WhiteTeamCountry "FRA"]
[BlackTeamCountry "FRA"]

1. e4 d5 2. exd5 Nf6 3. c4 e6 4. d4 exd5 5. Nc3 Be7 6. cxd5 Nbd7 7. Nf3 Nb6 8. Bd3 Nbxd5 9. 0-0 0-0 10. h3 Be6 11. Ng5 Qd7 12. Nxe6 Qxe6 13. Re1 Qd7 14. Qf3 Bb4 15. Bd2 c6 16. Bc2 Rfe8 17. Qd3 Bf8 18. Nxd5 Qxd5 19. Bf4 g6 20. Bb3 Qd7 21. Be5 Nd5 22. Qf3 Rad8 23. Bxd5 Qxd5 24. Qf6 Rxe5 25. dxe5 Bg7 26. Qe7 Rd7 27. Qe8+ Bf8 28. e6 fxe6 29. Rad1 Qxd1 30. Qxe6+ Kg7 31. Rxd1 Rxd1+ 32. Kh2 c5 33. g3 Rd6 34. Qe5+ Kg8 35. Qxc5 Rf6 36. Qd5+ Rf7 37. f4 b6 38. a3 a5 39. Qc4 Kg7 40. b4 axb4 41. axb4 h5 42. Kg2 Be7 43. Qd4+ Rf6 44. g4 hxg4 45. hxg4 Kf8 46. g5 Rd6 47. Qh8+ Kf7 48. Qh7+ Kf8 49. f5 gxf5 50. g6 1-0

[Event "BL2-Sued 0607"]
[Site "Germany"]
[Date "2006.10.29"]
[Round "2.3"]
[White "Fricker, Thomas"]
[Black "Peter, Sebastien"]
[Result "1-0"]
[WhiteElo "2150"]
[BlackElo "2305"]
[PlyCount "41"]
[EventDate "2006.10.15"]
[EventType "team-tourn"]
[EventRounds "9"]
[EventCountry "GER"]
[SourceTitle "EXT 2008"]
[Source "ChessBase"]
[SourceDate "2007.11.25"]
[SourceVersion "1"]
[SourceVersionDate "2007.11.25"]
[SourceQuality "1"]
[WhiteTeam "Bebenhausen"]
[BlackTeam "Moerlenbach"]
[WhiteTeamCountry "GER"]
[BlackTeamCountry "GER"]

1. d4 e6 2. c4 Nf6 3. Nc3 Bb4 4. Qc2 c5 5. dxc5 Na6 6. a3 Bxc3+ 7. Qxc3 Nxc5 8. f3 d5 9. cxd5 b6 10. e4 exd5 11. b4 Ne6 12. e5 Nd7 13. f4 d4 14. Qg3 Qe7 15. Nf3 g6 16. Bd2 f6 17. Bc4 fxe5 18. fxe5 Bb7 19. 0-0 Rf8 20. Ng5 Nc7 21. Nf7 1-0

[Event "Oberliga Ost-B 0405"]
[Site "Germany"]
[Date "2004.11.13"]
[Round "2.3"]
[White "Peter, Sebastien"]
[Black "Laznicka, Viktor"]
[Result "0-1"]
[WhiteElo "2268"]
[BlackElo "2434"]
[PlyCount "92"]
[EventDate "2004.10.10"]
[EventType "team-tourn"]
[EventRounds "11"]
[EventCountry "GER"]
[SourceTitle "EXT 2006"]
[Source "ChessBase"]
[SourceDate "2005.11.24"]
[SourceVersion "1"]
[SourceVersionDate "2005.11.24"]
[SourceQuality "1"]
[WhiteTeam "Moerlenbach"]
[BlackTeam "Schoeneck"]
[WhiteTeamCountry "GER"]
[BlackTeamCountry "GER"]

1. e4 c5 2. Nf3 Nc6 3. d4 cxd4 4. Nxd4 Qb6 5. Nb3 Nf6 6. Nc3 e6 7. Bd3 Be7 8. 0-0 d6 9. Be3 Qc7 10. f4 0-0 11. Qf3 a6 12. Kh1 Re8 13. f5 Ne5 14. Qg3 Kh8 15. Bd4 Bd7 16. Ne2 Rac8 17. Bc3 b5 18. a3 Qb7 19. Rae1 Bf8 20. fxe6 Bxe6 21. Nbd4 Nfd7 22. Nxe6 fxe6 23. Nf4 Nf6 24. Qg5 Rc5 25. Qh4 Qf7 26. Qh3 Kg8 27. Bd4 Rcc8 28. Bc3 Qe7 29. Nh5 Nfd7 30. Rf2 g6 31. Qg3 Kh8 32. Ref1 Rxc3 33. bxc3 gxh5 34. Be2 h4 35. Qh3 Bg7 36. Bh5 Rf8 37. Rxf8+ Nxf8 38. Qe3 Nc4 39. Qc1 Ng6 40. Bxg6 hxg6 41. Qf4 Kg8 42. a4 bxa4 43. Ra1 a3 44. Qf1 Bxc3 45. Ra2 d5 46. Qd3 Qb4 0-1